| 000 | 00431nam a2200181Ia 4500 | ||
|---|---|---|---|
| 001 | 11117 | ||
| 005 | 20260306161922.0 | ||
| 008 | 260306t2015||||xx |||||||||||||| ||spa|| | ||
| 041 | _aESP | ||
| 082 |
_a985.009 _bF62 T. 3 |
||
| 100 |
_aFlores Galindo, Alberto _eAUT |
||
| 245 | 0 | _aObras completas III (I) | |
| 260 | _c2015 | ||
| 300 |
_a420 páginas : _c20 cm. |
||
| 650 | _aGEN | ||
| 654 | _aCHU | ||
| 942 |
_cLIB _dJUS _fJUS _2ddc _n |
||
| 999 |
_c11117 _d11117 |
||